| 000 | 00926nam a22002897a 4500 | ||
|---|---|---|---|
| 001 | 9842 | ||
| 003 | FISKH | ||
| 005 | 20260304114612.0 | ||
| 008 | 260304b cb ||||| |||| 00| 0 eng d | ||
| 020 | _a97804395663 | ||
| 040 |
_aFISKH _beng _cFISKH _dFISKH |
||
| 050 | _aQE365.2 .H57 | ||
| 082 | _a552 | ||
| 100 | _aHirschmann , Kris | ||
| 245 |
_aRocks and minerals / _cBy Kris Hirschmann |
||
| 260 |
_aNew York : _bScholastic , _c2004. |
||
| 300 |
_a31 pages : _bcolor illustrations ; _c22 cm . |
||
| 490 | _aWorld Discovery Science Readers | ||
| 505 | _aQ | ||
| 520 | _aJourney into the fascinating world of rocks and minerals. Learn about rare crystals and gems, and how we use rocks in our everyday lives | ||
| 521 | 8 |
_a660
_bLexile estimate |
|
| 521 | 8 |
_aQ
_bRaz-Plus |
|
| 650 |
_aGeology _vNon-fiction |
||
| 650 |
_aRocks and minerals _vNon-fiction |
||
| 942 |
_2ddc _cBK _n0 |
||
| 999 |
_c9842 _d9842 |
||